00573naa a2200157 a 450000100080000000500110000800800410001910000180006024500870007826000090016552001360017465300110031065300120032165300150033377300670034811234322015-03-23 2004 bl uuuu u00u1 u #d1 aVIEIRA, L. M. aMa???? - Meta em 2005 ?? ampliar vendas no mercado externo.h[electronic resource] c2004 aAn??lise do comportamento da safra da ma????, considerando os aspectos de produ????o e de mercado nos ??mbitos estadual e nacional. ama???? apre??os aprodu????o tInforme Conjuntural, Florianopolisgv. 22, n. 978, p. 8, 2004.